[Event "Stay Safe Play From Home 200"]
[Site "T#646566Emanuel Laske"]
[Date "2020.06.04"]
[Round "6"]
[White "Edmatuag"]
[Black "Cubail"]
[Result "1-0"]
[WhiteElo "1595"]
[BlackElo "1329"]
[Annotator "NA RC"]
[PlyCount "47"]
[EventDate "2020.06.04"]
[EventType "swiss (blitz)"]

1. e4 {[%emt 0:00:01]} f5 {[%emt 0:00:01]} 2. e5 {[%emt 0:00:02]} d6 {[%emt 0:00:01]} 3. Nf3 {[%emt 0:00:06]} Nc6 {[%emt 0:00:03]} 4. Bb5 {[%emt 0:00:08]} Bd7 {[%emt 0:00:04]} 5. O-O {[%emt 0:00:03]} Nxe5 {[%emt 0:00:01]} 6. Nxe5 {[%emt 0:00:03]} dxe5 {[%emt 0:00:04]} 7. Bxd7+ {[%emt 0:00:04]} Qxd7 {[%emt 0:00:01]} 8. d3 {[%emt 0:00:01]} Nf6 {[%emt 0:00:01]} 9. Nc3 {[%emt 0:00:02]} e6 {[%emt 0:00:02]} 10. Be3 {[%emt 0:00:03]} f4 {[%emt 0:00:02]} 11. Bd2 {[%emt 0:00:03]} Bd6 {[%emt 0:00:01]} 12. Qf3 {[%emt 0:00:02]} O-O {[%emt 0:00:02]} 13. Rfe1 {[%emt 0:00:03]} g5 {[%emt 0:00:04]} 14. Ne4 {[%emt 0:00:03]} Qg7 {[%emt 0:00:05]} 15. Nxf6+ {[%emt 0:00:05]} Rxf6 {[%emt 0:00:01]} 16. Qxb7 {[%emt 0:00:02]} Raf8 {[%emt 0:00:03]} 17. Bc3 {[%emt 0:00:01]} g4 {[%emt 0:00:02]} 18. Bxe5 {[%emt 0:00:01]} Bxe5 {[%emt 0:00:02]} 19. Rxe5 {[%emt 0:00:00]} g3 {[%emt 0:00:02]} 20. fxg3 {[%emt 0:00:01]} fxg3 {[%emt 0:00:04]} 21. Qc6 {[%emt 0:00:02]} gxh2+ {[%emt 0:00:03]} 22. Kxh2 {[%emt 0:00:02]} Qh6+ {[%emt 0:00:05]} 23. Kg1 {[%emt 0:00:00]} Rf2 {[%emt 0:00:02]} 24. Rae1 {[%emt 0:00:02] Time (Lag: Av=0.46s, max=0.9s)} 1-0

[Event "Stay Safe Play From Home 200"]
[Site "T#646566Emanuel Laske"]
[Date "2020.06.04"]
[Round "6"]
[White "Gibiz144"]
[Black "SecantFX"]
[Result "0-1"]
[WhiteElo "1584"]
[BlackElo "1836"]
[Annotator "NA RC"]
[PlyCount "60"]
[EventDate "2020.06.04"]
[EventType "swiss (blitz)"]

1. d4 {[%emt 0:00:01]} b6 {[%emt 0:00:00]} 2. Bg5 {[%emt 0:00:01]} Bb7 {[%emt 0:00:00]} 3. Nf3 {[%emt 0:00:01]} f6 {[%emt 0:00:00]} 4. Bh4 {[%emt 0:00:02]} Bxf3 {[%emt 0:00:00]} 5. exf3 {[%emt 0:00:02]} g5 {[%emt 0:00:01]} 6. Bg3 {[%emt 0:00:01]} Nh6 {[%emt 0:00:01]} 7. Bd3 {[%emt 0:00:02]} Nf7 {[%emt 0:00:01]} 8. c3 {[%emt 0:00:01]} Bg7 {[%emt 0:00:01]} 9. Qc2 {[%emt 0:00:01]} d6 {[%emt 0:00:01]} 10. Bxh7 {[%emt 0:00:02]} Nd7 {[%emt 0:00:03]} 11. Bg6 {[%emt 0:00:01]} Rh6 {[%emt 0:00:01]} 12. h4 {[%emt 0:00:02]} gxh4 {[%emt 0:00:02]} 13. Rxh4 {[%emt 0:00:01]} Rxh4 {[%emt 0:00:01]} 14. Bxh4 {[%emt 0:00:01]} c6 {[%emt 0:00:01]} 15. Nd2 {[%emt 0:00:02]} Nf8 {[%emt 0:00:01]} 16. Bxf7+ {[%emt 0:00:01]} Kxf7 {[%emt 0:00:01]} 17. O-O-O {[%emt 0:00:01]} Qd7 {[%emt 0:00:01]} 18. Qe4 {[%emt 0:00:02]} Ng6 {[%emt 0:00:02]} 19. Re1 {[%emt 0:00:02]} e5 {[%emt 0:00:01]} 20. dxe5 {[%emt 0:00:02]} dxe5 {[%emt 0:00:00]} 21. Nc4 {[%emt 0:00:02]} Rd8 {[%emt 0:00:02]} 22. Bg3 {[%emt 0:00:03]} b5 {[%emt 0:00:01]} 23. Ne3 {[%emt 0:00:03]} Qd2+ {[%emt 0:00:01]} 24. Kb1 {[%emt 0:00:01]} Qxe1+ {[%emt 0:00:01]} 25. Kc2 {[%emt 0:00:06]} Rd2+ {[%emt 0:00:05]} 26. Kb3 {[%emt 0:00:01]} a5 {[%emt 0:00:03]} 27. Qxc6 {[%emt 0:00:03]} a4+ {[%emt 0:00:01]} 28. Ka3 {[%emt 0:00:01]} Bf8+ {[%emt 0:00:03]} 29. b4 {[%emt 0:00:02]} axb3+ {[%emt 0:00:02]} 30. Kxb3 {[%emt 0:00:01]} Qb1# {[%emt 0:00:01] (Lag: Av=0.40s, max=0.7s)} 0-1

[Event "Stay Safe Play From Home 200"]
[Site "T#646566Emanuel Laske"]
[Date "2020.06.04"]
[Round "7"]
[White "Mepe_Nika"]
[Black "Haxhi Baha"]
[Result "1-0"]
[WhiteElo "2287"]
[BlackElo "1994"]
[Annotator "TA"]
[PlyCount "95"]
[EventDate "2020.06.04"]
[EventType "swiss (blitz)"]

{[%evp 12,95,19,5,45,39,56,35,57,56,102,77,99,41,123,52,123,11,298,291,409,402,397,399,410,408,422,424,427,426,517,525,512,527,517,511,526,525,494,494,520,518,516,515,527,496,652,506,681,729,712,702,798,781,1071,1041,1006,782,664,576,566,567,740,716,705,609,774,681,2136,1993,1843,1813,4941,4818,29978,29979,29978,29977,29977,29975,29980,29981,29981,29982,29995,1702]} 1. g3 e6 2. Bg2 d5 3. c4 c6 4. b3 Nf6 5. Bb2 Be7 6. Nf3 O-O 7. O-O dxc4 {A14: English Opening: 1...e6 with b3 by White.} 8. bxc4 Nbd7 9. d3 Qb6 {White is slightly better.} 10. Qc2 {[#]} Nc5 $146 ({Predecessor:} 10... Qc7 11. Nbd2 b6 12. d4 Bb7 13. e4 Bb4 14. e5 Bxd2 15. exf6 Bh6 16. fxg7 Bxg7 {1-0 (43) Koehler,G (2192)-Schwertel,J (1930) Templin 2017}) 11. Nc3 Qc7 12. Rab1 (12. d4 $16 Ncd7 13. Rac1) 12... a6 (12... e5 $14) 13. a4 (13. d4 $16 Ncd7 14. c5) 13... Rb8 ({Black should try} 13... e5 $14) 14. Ba3 ({White should play} 14. d4 $16 Ncd7 15. Bc1) 14... Nfd7 $2 {[%mdl 8192] [#] This move loses the game for Black.} (14... e5 $11) 15. d4 $18 b6 (15... e5 $142 16. dxc5 Nxc5) 16. dxc5 bxc5 17. Rxb8 Qxb8 18. Bb2 Qc7 19. Ne4 h6 20. Qc3 {[%csl Gb2][%cal Rc3g7] [#]} e5 21. Nxe5 Nxe5 22. Qxe5 Qxe5 23. Bxe5 Rd8 24. Bf3 Be6 25. Rc1 f5 26. Nc3 Bxc4 27. Bxc6 Kh7 28. Bf3 Rd2 29. Rd1 Rc2 30. Rd7 Bf8 31. Kg2 Be6 32. Rd8 Kg8 33. Nd5 Kf7 34. Nc7 Bb3 35. Bd6 Bxd6 36. Rxd6 c4 37. Rxa6 c3 38. Nd5 Bc4 39. Rc6 Bxe2 40. Bxe2 Rxe2 41. Nxc3 {[%mdl 4096] Endgame KRN-KR} Rc2 42. a5 Kg8 43. a6 {White mates.} Rc1 44. a7 Ra1 45. Nb5 Kh7 46. Rc8 Ra5 47. a8=Q Rxb5 48. Rh8+ {Accuracy: White = 65%, Black = 36%.} 1-0

[Event "Stay Safe Play From Home 200"]
[Site "T#646566Emanuel Laske"]
[Date "2020.06.04"]
[Round "7"]
[White "SoulofWolf"]
[Black "Lamborghini"]
[Result "1-0"]
[WhiteElo "2182"]
[BlackElo "2108"]
[Annotator "TA"]
[PlyCount "123"]
[EventDate "2020.06.04"]
[EventType "swiss (blitz)"]

{[%evp 9,123,0,9,-13,15,-19,-12,-23,6,-47,-36,-58,-39,-52,-42,-41,-20,-41,-25,-25,-27,-8,-4,-52,-57,-48,16,13,52,48,47,28,61,66,72,20,79,0,11,25,139,135,141,130,141,133,134,109,121,76,120,93,120,95,120,120,147,141,422,147,173,121,126,49,50,49,49,-33,66,-54,-15,-63,-61,-58,186,181,288,235,294,236,308,239,1308,298,374,236,283,264,352,339,327,323,423,412,456,457,455,407,29976,29978,29976,12843,29970,29970,29975,29976,4714,0,0,0,29982,29,29984,29984,29985,29984]} 1. Nf3 g6 2. c4 Bg7 3. g3 c5 4. Bg2 Nc6 5. O-O d6 6. e3 {A30: Symmetrical English: Double Fianchetto and Hedgehog.} Nf6 7. h3 O-O 8. d4 {[#] The position is equal.} Bd7 $146 ({Predecessor:} 8... Ne4 9. Nbd2 Nxd2 10. Qxd2 Bf5 11. b3 Qd7 12. Kh2 Be4 13. Bb2 Rfd8 14. Rfd1 cxd4 15. exd4 {0-1 (36) Sathya,G (1913)-Swayams,M (2439) Bhubaneswar 2018}) 9. d5 (9. Nc3 $11) 9... Na5 $1 $15 10. Nfd2 a6 11. Qe2 b5 12. Na3 {[%cal Rc4b5]} bxc4 13. Naxc4 Nxc4 14. Nxc4 Bb5 15. Qc2 Rb8 16. Rb1 Bxc4 17. Qxc4 Rb4 (17... Qa5 $15) 18. Qc2 Qb6 19. Bd2 Rb5 20. Rfd1 Rb8 {[%cal Rb5b2]} 21. b3 $36 {[%mdl 2048] Black is under pressure.} Qc7 22. Bf1 (22. e4 $16) 22... Qd7 (22... Nxd5 $11 {remains equal.} 23. Bxb5 axb5) 23. Bxb5 ({Better is} 23. e4 $16) 23... axb5 $11 24. Kg2 h5 (24... Nxd5 $11 {keeps the balance.} 25. e4 Nc7) 25. Bc3 $16 Qb7 26. Bxf6 Bxf6 27. e4 Kg7 28. Qe2 Bd4 29. Rbc1 b4 30. Rc2 Ra8 31. Rdd2 Bc3 32. Rd3 $1 Bf6 33. f4 {Threatens to win with e5.} h4 $2 {[%mdl 8192]} (33... Bd4 $16 34. Rf3 e6) 34. Rf3 $2 (34. e5 $18 {is the precise move to win.}) 34... hxg3 35. Rxg3 (35. e5 $1 $18 {[%cal Re5f6]} Bh4 36. Qe4) 35... Rh8 36. Qg4 (36. Qf3 $16) 36... e6 $1 $14 37. f5 exf5 38. exf5 (38. Qxf5 $14 Qe7 39. Rg4) 38... g5 ({Black should play} 38... Qxd5+ $15 39. Qf3 Qxf3+ 40. Rxf3 g5) 39. Re3 ({White should try} 39. Qe4 $14) 39... Qxd5+ (39... Rh4 $5 {[%cal Rh4g4]} 40. Qg3 Qxd5+ 41. Qf3 Qxf3+ 42. Rxf3 Bd4 $15) 40. Qf3 Qxf3+ 41. Rxf3 $15 {[%mdl 4096] Endgame KRR-KRB} d5 $2 (41... Be5 $15 {keeps the upper hand.}) 42. Rxc5 $18 Rd8 (42... Ra8 {might work better.} 43. Rxd5 Rxa2+ 44. Kg3 Bc3) 43. Rd3 d4 44. Rc4 Re8 45. Kf3 Re2 $2 (45... Rb8 46. Ke4 Re8+ 47. Kd5 Rd8+ 48. Kc6 Rb8) 46. Rxb4 $2 (46. Kxe2 Be5 47. Rxb4) 46... Rh2 47. Kg3 Rxa2 48. Rc4 Rb2 49. b4 Be5+ 50. Kf3 f6 51. Ke4 Kh6 52. Kd5 Re2 53. Ke6 Re3 (53... g4 $18 54. hxg4 Kg5) 54. Rxe3 dxe3 {KR-KB} 55. Rc1 (55. Re4 $142 g4 56. hxg4 Kg5 57. Rxe3 Bc7 58. Re4 Bd8 59. b5 Bb6 60. Kd5) 55... Kh5 56. Re1 Bf4 57. b5 g4 58. b6 $2 ({White has to play} 58. hxg4+ $18 Kg5 59. b6) 58... gxh3 $11 59. b7 Bb8 $2 {[%mdl 8192]} (59... h2 $11 60. Kxf6 e2 {[%mdl 64] Promotion}) 60. Rxe3 $2 (60. Kxf6 {mates} h2 61. Ke6 e2 62. f6 Bg3 {[#]} 63. f7 $1 {[%mdl 512]} Bf4 64. f8=Q Kg4 65. Qxf4+ $1 {[%mdl 576] Remove Defender, Promotion} Kxf4 66. b8=Q+ Ke3 67. Qxh2) 60... Kg4 $2 {[%mdl 8192]} (60... h2 $11 61. Re1 Kg5) 61. Re1 Bg3 62. Kxf6 {Accuracy: White = 51%, Black = 31%.} 1-0

[Event "Stay Safe Play From Home 200"]
[Site "T#646566Emanuel Laske"]
[Date "2020.06.04"]
[Round "7"]
[White "Weltszmerc"]
[Black "Little champs"]
[Result "1-0"]
[WhiteElo "2109"]
[BlackElo "2248"]
[Annotator "TA"]
[PlyCount "147"]
[EventDate "2020.06.04"]
[EventType "swiss (blitz)"]

{[%evp 14,146,31,36,56,37,45,15,13,15,27,33,56,36,52,8,22,13,12,-1,16,13,13,12,100,89,178,99,92,102,98,90,89,58,64,64,64,64,64,64,64,64,64,64,93,97,97,64,64,64,64,44,51,43,64,51,58,58,58,58,64,64,64,64,64,64,64,51,64,3,51,51,51,51,51,51,51,51,99,51,1719,51,51,0,51,0,51,2,26,26,27,27,51,51,51,34,70,8,70,18,29977,29978,29982,29983,29986,29987,29987,29988,29994,29989,29997,29991,29991,29990,29990,29989,29989,29989,29991,29989,29991,29992,29992,29993,29992,29993,29995,29996,29996,29995,29997,29996,29996,29997,29999]} 1. d4 Nf6 2. c4 e6 3. Nf3 d5 4. g3 Be7 5. Bg2 O-O 6. O-O dxc4 7. Nbd2 c5 8. Nxc4 cxd4 {[#] E05: Open Catalan: 5 Nf3 Be7.} 9. Qxd4 $146 ({Predecessor:} 9. Nxd4 Qc7 10. Qb3 Nd5 11. e4 Nb6 12. Nxb6 Qxb6 13. Qxb6 axb6 14. e5 Nd7 15. f4 Bc5 16. Be3 {1-0 (35) De Abreu,R (2110)-Khumalo,K (1720) Johannesburg 2017}) 9... Nc6 10. Qxd8 Rxd8 {The position is equal.} 11. Nfe5 Nxe5 12. Nxe5 Nd7 13. Nc4 Nb6 14. Na5 Nd5 15. e4 Nb4 16. a3 Nd3 17. b4 Nxc1 18. Raxc1 Re8 (18... Bf6 $11) 19. e5 $16 Bd8 (19... Rb8 $16) 20. Nxb7 ({Better is} 20. Rfd1 $18) 20... Bxb7 21. Bxb7 Rb8 22. Bc6 Rf8 23. b5 Bc7 24. f4 Bb6+ 25. Kg2 Rfd8 26. Rfd1 g6 27. Kf3 Kg7 28. Ke4 h5 29. Rd6 Bc7 30. Rd7 Rxd7 31. Bxd7 $14 {[%mdl 4096] Endgame KRB-KRB} Bb6 32. Rd1 Rd8 33. Rd3 Kf8 34. h3 Ke7 35. Bc6 Rxd3 36. Kxd3 {KB-KB} Bf2 37. g4 Bg3 38. Ke4 hxg4 39. hxg4 Be1 40. a4 Bb4 41. f5 (41. Ke3 $14) 41... exf5+ 42. gxf5 gxf5+ 43. Kxf5 Ba5 44. Bd5 Bb6 45. Ke4 Bc5 46. Bb3 Kd7 $2 {[%mdl 8192] [#]} (46... Bb6 $14) 47. Kd5 $2 ({Only move:} 47. Bxf7 $18 Bb4 48. Kf5) 47... Bb6 48. Ke4 (48. Bc4 $14) 48... Ke7 (48... Bc5 $1 $11) 49. Bd5 ({White should play} 49. Kf5 $14) 49... Bc7 (49... Bc5 $1 $11) 50. Bc6 Bb6 51. Kd5 Ba5 52. Bb7 Be1 53. Bc8 Ba5 54. Kc6 Bb6 55. Kb7 (55. Bg4 $14) 55... Bd4 (55... f6 $1 $11) 56. a5 (56. Bg4 $14) 56... Bxe5 $2 {[%mdl 8192] [#] White leaves nothing to chance now.} (56... f6 $11) 57. b6 {White mates.} axb6 58. a6 Kd8 59. a7 b5 60. a8=Q b4 61. Qa6 Bf6 62. Qd3+ Ke7 63. Qc4 Bc3 64. Qb3 Kd6 65. Bg4 f6 66. Be2 Ke5 67. Kc6 f5 68. Qd5+ Kf6 69. Bd3 Kg5 70. Qxf5+ Kh4 71. Qg6 Kh3 72. Bf1+ Kh4 73. Be2 {[%csl Ge2][%cal Rg6g4]} Bf6 74. Qg4# {Accuracy: White = 60%, Black = 64%.} 1-0

[Event "Stay Safe Play From Home 200"]
[Site "T#646566Emanuel Laske"]
[Date "2020.06.04"]
[Round "7"]
[White "Fischer_11"]
[Black "KLIND"]
[Result "0-1"]
[WhiteElo "2035"]
[BlackElo "1875"]
[Annotator "NA RC"]
[PlyCount "96"]
[EventDate "2020.06.04"]
[EventType "swiss (blitz)"]

1. e4 {[%emt 0:00:08]} d5 {[%emt 0:00:04]} 2. a3 {[%emt 0:00:01]} Qd6 {[%emt 0:00:00]} 3. Nf3 {[%emt 0:00:03]} d4 {[%emt 0:00:01]} 4. Bc4 {[%emt 0:00:02]} e5 {[%emt 0:00:01]} 5. d3 {[%emt 0:00:01]} c5 {[%emt 0:00:01]} 6. O-O {[%emt 0:00:00]} Nf6 {[%emt 0:00:01]} 7. a4 {[%emt 0:00:01]} Bg4 {[%emt 0:00:00]} 8. Na3 {[%emt 0:00:04]} Nc6 {[%emt 0:00:01]} 9. Bb5 {[%emt 0:00:02]} Qd7 {[%emt 0:00:01]} 10. Nc4 {[%emt 0:00:00]} Bd6 {[%emt 0:00:04]} 11. h3 {[%emt 0:00:03]} Bxf3 {[%emt 0:00:01]} 12. Qxf3 {[%emt 0:00:02]} O-O {[%emt 0:00:01]} 13. Bg5 {[%emt 0:00:04]} Be7 {[%emt 0:00:02]} 14. Bxc6 {[%emt 0:00:03]} Qxc6 {[%emt 0:00:00]} 15. Nxe5 {[%emt 0:00:01]} Qe6 {[%emt 0:00:00]} 16. Bxf6 {[%emt 0:00:05]} Bxf6 {[%emt 0:00:00]} 17. Ng4 {[%emt 0:00:01]} Be7 {[%emt 0:00:01]} 18. Qf5 {[%emt 0:00:02]} Qxf5 {[%emt 0:00:02]} 19. exf5 {[%emt 0:00:00]} Bg5 {[%emt 0:00:01]} 20. Rfe1 {[%emt 0:00:01]} Rfe8 {[%emt 0:00:01]} 21. Kf1 {[%emt 0:00:01]} f6 {[%emt 0:00:01]} 22. g3 {[%emt 0:00:02]} h5 {[%emt 0:00:00]} 23. Nh2 {[%emt 0:00:02]} Bh6 {[%emt 0:00:01]} 24. f4 {[%emt 0:00:02]} h4 {[%emt 0:00:02]} 25. Kg2 {[%emt 0:00:03]} hxg3 {[%emt 0:00:01]} 26. Kxg3 {[%emt 0:00:00]} Kf7 {[%emt 0:00:02]} 27. Kf3 {[%emt 0:00:01]} g6 {[%emt 0:00:01]} 28. Ng4 {[%emt 0:00:00]} Bg7 {[%emt 0:00:02]} 29. fxg6+ {[%emt 0:00:00]} Kxg6 {[%emt 0:00:01]} 30. Rxe8 {[%emt 0:00:01]} Rxe8 {[%emt 0:00:01]} 31. Nf2 {[%emt 0:00:00]} f5 {[%emt 0:00:01]} 32. Rg1+ {[%emt 0:00:01]} Kf7 {[%emt 0:00:01]} 33. Rf1 {[%emt 0:00:02]} Re3+ {[%emt 0:00:02]} 34. Kg2 {[%emt 0:00:01]} Bh6 {[%emt 0:00:01]} 35. Nd1 {[%emt 0:00:00]} Re2+ {[%emt 0:00:01]} 36. Rf2 {[%emt 0:00:00]} Rxf2+ {[%emt 0:00:01]} 37. Kxf2 {[%emt 0:00:00]} Bxf4 {[%emt 0:00:00]} 38. Kf3 {[%emt 0:00:00]} Be5 {[%emt 0:00:01]} 39. Nf2 {[%emt 0:00:00]} a6 {[%emt 0:00:01]} 40. h4 {[%emt 0:00:00]} Kg6 {[%emt 0:00:01]} 41. h5+ {[%emt 0:00:00]} Kxh5 {[%emt 0:00:01]} 42. Nh3 {[%emt 0:00:00]} Kg6 {[%emt 0:00:01]} 43. Nf4+ {[%emt 0:00:00]} Bxf4 {[%emt 0:00:01]} 44. Kxf4 {[%emt 0:00:00]} a5 {[%emt 0:00:01]} 45. b3 {[%emt 0:00:01]} Kf6 {[%emt 0:00:01]} 46. Kf3 {[%emt 0:00:01]} b6 {[%emt 0:00:00]} 47. c3 {[%emt 0:00:00]} dxc3 {[%emt 0:00:01]} 48. Ke2 {[%emt 0:00:00]} c2 {[%emt 0:00:00] Zeit (Lag: Av=0.29s, max=0.9s)} 0-1

[Event "Stay Safe Play From Home 200"]
[Site "T#646566Emanuel Laske"]
[Date "2020.06.04"]
[Round "7"]
[White "Castlingarrocco"]
[Black "Broken sword"]
[Result "0-1"]
[WhiteElo "2017"]
[BlackElo "2468"]
[Annotator "TA"]
[PlyCount "134"]
[EventDate "2020.06.04"]
[EventType "swiss (blitz)"]

{[%evp 9,134,-12,-10,-14,-16,-19,0,-20,-13,-49,-46,-40,-37,-39,-40,-51,-45,-50,-16,-23,-16,-40,-52,-69,-62,-92,-54,-64,-55,-117,-91,-102,-55,-54,-52,-53,-7,-7,0,-66,0,-1039,59,65,71,71,83,81,123,101,117,97,138,105,259,120,133,131,137,84,141,103,98,0,62,-91,247,-267,-267,-267,-265,-291,-70,-261,-272,-264,-269,-271,-247,-352,-303,-289,-294,-406,-312,-260,-120,-270,-188,-168,-94,-526,-395,-609,-60,-516,-498,-640,-585,-1561,-1047,-29986,-29987,-29986,-29986,-29991,-29992,-29992,-29989,-29989,-29990,-29990,-29988,-29988,-29989,-29989,-29990,-29990,-29990,-29990,-29991,-29991,-29985,-29982,29979,29979,29995]} 1. d4 d5 2. e3 c6 3. f4 Nf6 4. Nf3 Bf5 5. Bd3 e6 {[#]} 6. Qe2 $146 {D00: 1 d4 d5: Unusual lines.} ({Predecessor:} 6. O-O Bd6 7. b3 Qe7 8. Bb2 O-O 9. c4 Bxd3 10. Qxd3 Ne4 11. c5 Bc7 12. b4 a6 13. Nbd2 {1-0 (78) Samolins,V (2402)-Gorozhanin,M (2419) chess.com INT 2017}) 6... Nbd7 7. Nbd2 Bd6 8. c3 {The position is equal.} O-O 9. Bxf5 exf5 10. Ne5 Ne4 11. Nxe4 fxe4 12. Nxd7 Qxd7 13. O-O f5 14. b3 c5 15. Bb2 cxd4 16. exd4 Rfc8 17. Rac1 Qe6 18. g3 a6 19. Qe3 ({White should try} 19. c4 $15) 19... Be7 20. Rc2 Qd7 21. Rfc1 Rc7 22. c4 dxc4 23. bxc4 Rac8 24. d5 (24. Qb3 $11) 24... Bf8 (24... Bc5 $15 25. Bd4 b5) 25. Qd4 $2 {[%mdl 8192]} (25. Qb3 $11) 25... Qa4 $2 (25... Bc5 $19 26. Qxc5 Rxc5) 26. c5 $1 $14 Qxd4+ 27. Bxd4 Kf7 28. Kf2 Ke8 29. Ke3 g6 30. Rc3 Kd7 31. R1c2 Be7 $2 (31... a5 $16 {was necessary.} 32. g4 h5) 32. h3 (32. d6 $18 Bxd6 33. cxd6 Rxc3+ 34. Rxc3) 32... Bf8 $16 33. g4 Ke8 34. g5 ({White should play} 34. a4) 34... Kd7 (34... a5 $142) 35. h4 Ke8 36. Rb3 (36. a4 $16) 36... Rd7 (36... Bxc5 $11 37. Bxc5 Rxc5 38. Rxc5 Rxc5 39. Rxb7 Rxd5) 37. d6 $2 (37. c6 $14 {stays ahead.} bxc6 38. dxc6) 37... Rc6 $2 {[%mdl 8192]} (37... Bxd6 $1 $17 {and life is bright.} 38. Rb6 Kf7) 38. Rb6 $4 {[%mdl 8192]} (38. Rd2 $18) 38... Rxb6 $19 39. cxb6 Bxd6 {[%mdl 4096] Endgame KRB-KRB} ({Not} 39... Rxd6 40. a4 $17) 40. Rc8+ Ke7 $2 (40... Rd8 $1 $19 {[%cal Rd8c8]} 41. Rc2 Bxf4+ $1 {[%mdl 576] Deflection} 42. Kxf4 Rxd4) 41. Rh8 $2 (41. Bc5 $1 $15) 41... Ke6 42. Re8+ Kd5 43. Rc8 Be7 44. Rh8 (44. Rc1 {is a better defense.}) 44... Bc5 45. Bxc5 Kxc5 {KR-KR} 46. Rf8 Kxb6 47. Rf6+ Kc7 (47... Kc5 $19 {is more deadly. Threatens to win with ...Rd3+.} 48. h5 Rd3+ 49. Ke2 Rf3 50. hxg6 hxg6 51. Rxg6 Rxf4) 48. Re6 (48. Ke2 $17) 48... Kb8 {...Rd3+ is the strong threat.} 49. h5 Rg7 (49... gxh5 $19 50. Rf6 Rd5) 50. h6 $2 {[%mdl 8192]} (50. hxg6 $17 {is a better chance.} hxg6 51. Ke2) 50... Rc7 51. Rf6 (51. Kd2 $142 Rd7+ 52. Kc2) 51... b5 $2 ({Better is} 51... Ka7 $19 {aiming for ...b5.} 52. Kd2 b5) 52. Rf8+ $2 {[%mdl 8192]} (52. Rxa6 $15 Ra7 53. Rf6) 52... Kb7 53. Rg8 a5 54. Rg7 b4 55. Rxc7+ Kxc7 {KP-KP} 56. Kd4 Kc6 57. Ke5 e3 58. Kf6 e2 59. Kg7 e1=Q 60. Kxh7 Qe6 61. Kg7 Qe7+ 62. Kxg6 Qf8 63. h7 Qh8 64. Kh6 a4 65. g6 b3 66. g7 {[#]} Qe8 $4 {[%mdl 8192]} (66... Qxg7+ $1 {[%mdl 512] avoids the disaster.} 67. Kxg7 bxa2 68. h8=Q a1=Q+ 69. Kg8 Qxh8+ 70. Kxh8 Kd5 71. Kh7 a3 72. Kh6 Ke6 73. Kg5 a2 74. Kh4 a1=Q 75. Kg3 Kd5 76. Kg2 Ke4 77. Kf2 Qa2+ 78. Kg3 Qe2 79. Kh3 Kxf4 80. Kh4 Qh2#) 67. g8=Q Qe6+ {[%mdl 32768] A wild game. Accuracy: White = 41%, Black = 45%. . Loss on time!?} 0-1

[Event "Stay Safe Play From Home 200"]
[Site "T#646566Emanuel Laske"]
[Date "2020.06.04"]
[Round "7"]
[White "Greblah"]
[Black "Gibiz144"]
[Result "1-0"]
[WhiteElo "1893"]
[BlackElo "1578"]
[Annotator "NA RC"]
[PlyCount "79"]
[EventDate "2020.06.04"]
[EventType "swiss (blitz)"]

1. e4 {[%emt 0:00:00]} e6 {[%emt 0:00:01]} 2. Qe2 {[%emt 0:00:02]} b6 {[%emt 0:00:01]} 3. d4 {[%emt 0:00:01]} Bb7 {[%emt 0:00:01]} 4. d5 {[%emt 0:00:01]} Ne7 {[%emt 0:00:05]} 5. c4 {[%emt 0:00:01]} g6 {[%emt 0:00:02]} 6. Nc3 {[%emt 0:00:01]} Bg7 {[%emt 0:00:01]} 7. f4 {[%emt 0:00:01]} d6 {[%emt 0:00:01]} 8. Nf3 {[%emt 0:00:01]} O-O {[%emt 0:00:01]} 9. g3 {[%emt 0:00:01]} exd5 {[%emt 0:00:01]} 10. exd5 {[%emt 0:00:02]} Re8 {[%emt 0:00:01]} 11. Be3 {[%emt 0:00:01]} Nf5 {[%emt 0:00:01]} 12. Nd1 {[%emt 0:00:02]} Nxe3 {[%emt 0:00:02]} 13. Nxe3 {[%emt 0:00:01]} Qf6 {[%emt 0:00:01]} 14. Kf2 {[%emt 0:00:01]} Qxb2 {[%emt 0:00:01]} 15. Qxb2 {[%emt 0:00:01]} Bxb2 {[%emt 0:00:02]} 16. Rb1 {[%emt 0:00:00]} Ba3 {[%emt 0:00:01]} 17. Bd3 {[%emt 0:00:01]} Bc5 {[%emt 0:00:01]} 18. Rhe1 {[%emt 0:00:02]} Nd7 {[%emt 0:00:01]} 19. Re2 {[%emt 0:00:01]} Nf6 {[%emt 0:00:01]} 20. Rbe1 {[%emt 0:00:02]} Ne4+ {[%emt 0:00:01]} 21. Bxe4 {[%emt 0:00:01]} Rxe4 {[%emt 0:00:02]} 22. Ng5 {[%emt 0:00:01]} Re7 {[%emt 0:00:02]} 23. Kf3 {[%emt 0:00:01]} Rae8 {[%emt 0:00:02]} 24. Ng4 {[%emt 0:00:01]} Rxe2 {[%emt 0:00:02]} 25. Rxe2 {[%emt 0:00:01]} Rxe2 {[%emt 0:00:01]} 26. Kxe2 {[%emt 0:00:01]} Ba6 {[%emt 0:00:01]} 27. Nf6+ {[%emt 0:00:02]} Kg7 {[%emt 0:00:02]} 28. Ngxh7 {[%emt 0:00:02]} Bxc4+ {[%emt 0:00:02]} 29. Kd2 {[%emt 0:00:00]} Bb4+ {[%emt 0:00:02]} 30. Kc2 {[%emt 0:00:03]} Bxa2 {[%emt 0:00:02]} 31. Ng5 {[%emt 0:00:01]} Bc4 {[%emt 0:00:03]} 32. Ne8+ {[%emt 0:00:01]} Kf8 {[%emt 0:00:02]} 33. Nxc7 {[%emt 0:00:01]} a5 {[%emt 0:00:02]} 34. h4 {[%emt 0:00:02]} a4 {[%emt 0:00:02]} 35. g4 {[%emt 0:00:01]} a3 {[%emt 0:00:01]} 36. h5 {[%emt 0:00:01]} a2 {[%emt 0:00:01]} 37. Kb2 {[%emt 0:00:01]} Bc5 {[%emt 0:00:03]} 38. hxg6 {[%emt 0:00:05]} fxg6 {[%emt 0:00:01]} 39. Nge6+ {[%emt 0:00:03]} Ke7 {[%emt 0:00:01]} 40. Nxc5 {[%emt 0:00:00] Zeit (Lag: Av=0.31s, max=0.7s)} 1-0